<?xml version="1.0" encoding="UTF-8"?><?xml-stylesheet type="text/xsl" href="static/style.xsl"?><OAI-PMH xmlns="http://www.openarchives.org/OAI/2.0/" xmlns:xsi="http://www.w3.org/2001/XMLSchema-instance" xsi:schemaLocation="http://www.openarchives.org/OAI/2.0/ http://www.openarchives.org/OAI/2.0/OAI-PMH.xsd"><responseDate>2026-04-17T12:13:21Z</responseDate><request verb="GetRecord" identifier="oai:www.recercat.cat:2445/122023" metadataPrefix="marc">https://recercat.cat/oai/request</request><GetRecord><record><header><identifier>oai:recercat.cat:2445/122023</identifier><datestamp>2025-12-05T05:30:07Z</datestamp><setSpec>com_2072_1057</setSpec><setSpec>col_2072_478857</setSpec><setSpec>col_2072_478917</setSpec></header><metadata><record xmlns="http://www.loc.gov/MARC21/slim" xmlns:dcterms="http://purl.org/dc/terms/" xmlns:xsi="http://www.w3.org/2001/XMLSchema-instance" xmlns:doc="http://www.lyncode.com/xoai" xsi:schemaLocation="http://www.loc.gov/MARC21/slim http://www.loc.gov/standards/marcxml/schema/MARC21slim.xsd">
   <leader>00925njm 22002777a 4500</leader>
   <datafield ind2=" " ind1=" " tag="042">
      <subfield code="a">dc</subfield>
   </datafield>
   <datafield ind2=" " ind1=" " tag="720">
      <subfield code="a">Pérez González, Jordi</subfield>
      <subfield code="e">author</subfield>
   </datafield>
   <datafield ind2=" " ind1=" " tag="260">
      <subfield code="c">2018-05-02T16:27:12Z</subfield>
   </datafield>
   <datafield ind2=" " ind1=" " tag="260">
      <subfield code="c">2018-05-02T16:27:12Z</subfield>
   </datafield>
   <datafield ind2=" " ind1=" " tag="260">
      <subfield code="c">2014-01-01</subfield>
   </datafield>
   <datafield ind2=" " ind1=" " tag="260">
      <subfield code="c">2018-05-02T16:27:13Z</subfield>
   </datafield>
   <datafield ind2=" " ind1=" " tag="520">
      <subfield code="a">El presente volumen aspira a ser un tributo a la dilatada trayectoria académica del profesor Fernando Sánchez Marcos de la Universidad de Barcelona tras conocerse la noticia de su jubilación. El libro, como bien indican los editores arriba mencionados, además de convertirse en un homenaje a la vida y obra de Sánchez Marcos, pretende ser un reclamo para que la reciente jubilación no le aleje de sus compañeros y amigos, claves en la edición de la obra, y una invitación a su persona para que continúe sus trabajos científicos en este nueva etapa.</subfield>
   </datafield>
   <datafield tag="653" ind2=" " ind1=" ">
      <subfield code="a">Ressenyes (Documents)</subfield>
   </datafield>
   <datafield tag="653" ind2=" " ind1=" ">
      <subfield code="a">Reviews (Documents)</subfield>
   </datafield>
   <datafield tag="653" ind2=" " ind1=" ">
      <subfield code="a">Sánchez-Costa, Fernando y Palos, Joan-Lluís (eds.). A vueltas con el pasado. Historia, memoria y vida</subfield>
   </datafield>
   <datafield ind2="0" ind1="0" tag="245">
      <subfield code="a">Sánchez-Costa, Fernando y Palos, Joan-Lluís (eds.). A vueltas con el pasado. Historia, memoria y vida. Barcelona: Universitat de Barcelona, Publicacions i Edicions, 2013. 444 págs.. [17 x 24]</subfield>
   </datafield>
</record></metadata></record></GetRecord></OAI-PMH>